Länder der Welt - Ersten zwei Buchstaben (long Version) - Statistiken

Allgemein
  • Dieses Quiz wurde 500 mal gespielt
  • Das Durchschnittsergebnis liegt bei 179 aus 196
Antworten auf der Karte
Die Antworten werden auf der Karte rot bzw. grün angezeigt, abhängig davon wie oft sie richtig erraten wurden.
 
Antwortstatistiken
Land % Korrekt
San Marino
99%
Chile
98%
China
98%
Kap Verde
98%
Madagaskar
98%
Malawi
98%
Malaysia
98%
Malediven
98%
Mali
98%
Malta
98%
Marokko
98%
Marshallinseln
98%
Mauretanien
98%
Mauritius
98%
Vereinigte Staaten
98%
Brasilien
97%
Brunei
97%
Kambodscha
97%
Kamerun
97%
Kanada
97%
Kasachstan
97%
Katar
97%
Papua-Neuguinea
97%
Rumänien
97%
Russland
97%
Vereinigtes Königreich
97%
Antigua und Barbuda
96%
Australien
96%
Demokratische Republik Kongo
96%
Deutschland
96%
El Salvador
96%
Eswatini
96%
Fidschi
96%
Finnland
96%
Frankreich
96%
Indien
96%
Indonesien
96%
Irak
96%
Iran
96%
Irland
96%
Island
96%
Israel
96%
Jamaika
96%
Japan
96%
Kolumbien
96%
Komoren
96%
Kosovo
96%
Mexiko
96%
Nicaragua
96%
Niederlande
96%
Niger
96%
Nigeria
96%
Nordkorea
96%
Nordmazedonien
96%
Norwegen
96%
Polen
96%
Portugal
96%
Republik Kongo
96%
Ruanda
96%
Saudi-Arabien
96%
Spanien
96%
Albanien
95%
Algerien
95%
Belarus
95%
Belgien
95%
Belize
95%
Benin
95%
Estland
95%
Moldawien
95%
Monaco
95%
Mongolei
95%
Montenegro
95%
Mosambik
95%
Sierra Leone
95%
Südafrika
95%
Sudan
95%
Südkorea
95%
Südsudan
95%
Suriname
95%
Vereinigte Arabische Emirate
95%
Ägypten
94%
Argentinien
94%
Armenien
94%
Bolivien
94%
Bosnien und Herzegowina
94%
Botswana
94%
Bulgarien
94%
Burkina Faso
94%
Burundi
94%
Dänemark
94%
Grenada
94%
Griechenland
94%
Lesotho
94%
Lettland
94%
Libanon
94%
Liberia
94%
Libyen
94%
Liechtenstein
94%
Litauen
94%
Myanmar
94%
Osttimor
94%
Pakistan
94%
Paraguay
94%
Schweden
94%
Schweiz
94%
Tunesien
94%
Türkei
94%
Turkmenistan
94%
Tuvalu
94%
Guinea-Bissau
93%
Italien
93%
Neuseeland
93%
Österreich
93%
Palau
93%
Panama
93%
Salomonen
93%
São Tomé und Príncipe
93%
Usbekistan
93%
Andorra
92%
Äquatorial-Guinea
92%
Guatemala
92%
Guinea
92%
Ukraine
92%
Venezuela
92%
Bahamas
91%
Bahrain
91%
Bangladesch
91%
Barbados
91%
Dominikanische Republik
91%
Guyana
91%
Nepal
91%
Sambia
91%
Samoa
91%
Senegal
91%
Serbien
91%
Seychellen
91%
St. Lucia
91%
Tschad
91%
Tschechien
91%
Angola
90%
Jemen
90%
Kroatien
90%
Sri Lanka
90%
Elfenbeinküste
89%
Tadschikistan
89%
Taiwan
89%
Uruguay
89%
Kuba
88%
Kuwait
88%
Peru
88%
Slowakei
88%
Slowenien
88%
Tansania
88%
Ungarn
88%
Vanuatu
88%
Vatikanstadt
88%
Oman
87%
Aserbaidschan
86%
Kirgisistan
86%
Kiribati
86%
Laos
86%
Thailand
86%
Afghanistan
84%
Äthiopien
84%
Costa Rica
84%
Dominica
84%
Honduras
84%
Philippinen
84%
Simbabwe
84%
Singapur
84%
Somalia
84%
Zentralafrikanische Republik
84%
Eritrea
83%
Georgien
83%
Haiti
83%
Jordanien
83%
Kenia
83%
Luxemburg
83%
Trinidad und Tobago
83%
Vietnam
83%
Ecuador
82%
Namibia
81%
Nauru
81%
Bhutan
79%
Ghana
79%
Syrien
79%
Togo
78%
Tonga
78%
Gabun
76%
Gambia
76%
St. Kitts und Nevis
76%
St. Vincent und die Grenadinen
76%
Zypern
76%
Föderierte Staaten von Mikronesien
74%
Uganda
74%
Dschibuti
69%
Keine übereinstimmenden Quizze gefunden
Verteilung der Resultate
Anzahl Personen mit jedem Resultat
Perzentil nach korrekt beantworteten Fragen
Ihre Resultats-Entwicklung
Sie haben dieses Quiz noch nicht gespielt